Pilote français ayant obtenu un podium en Grand Prix de Formule 1. - Statistiques

Statistiques générales
  • Ce quiz a été pris 1 085 fois
  • Le résultat moyen est 9 sur 23
Statistiques - réponses
Podiums Victoires Pilotes Période % Correct
106 51 Alain Prost 1980 - 1993
97%
3 1 Pierre Gasly 2017 - …
96%
2 1 Esteban Ocon 2016 - …
95%
10 - Romain Grosjean 2009 - 2020
77%
32 1 Jean Alesi 1989 - 2001
67%
5 1 Olivier Panis 1994 - 2004
57%
32 6 Jacques Laffite 1974 - 1986
50%
22 7 René Arnoux 1978 - 1989
44%
2 2 Jean-Pierre Jabouille 1975 - 1981
40%
13 3 Didier Pironi 1978 - 1982
38%
13 1 François Cevert 1969 - 1973
36%
10 2 Maurice Trintignant 1950 - 1964
36%
11 2 Patrick Tambay 1977 - 1986
32%
19 2 Patrick Depailler 1972 - 1980
26%
8 1 Jean-Pierre Beltoise 1966 - 1974
25%
3 - Jean-Pierre Jarier 1971 - 1983
14%
1 - Henri Pescarolo 1968 - 1976
9%
9 - Jean Behra 1952 - 1959
9%
1 - Philippe Streiff 1984 - 1988
7%
1 - Éric Bernard 1989 - 1994
6%
2 - Louis Rosier 1950 - 1956
6%
1 - Johnny Servoz-Gavin 1967 - 1970
4%
2 - Robert Manzon 1950 - 1956
3%
Aucun quiz correspondant
Distribution des résultats
% des personnes avec chaque résultat
Percentile par nombre de réponses
Votre historique - résultats
Vous n’avez pas pris ce quiz